02888naa a2200301 a 450000100080000000500110000800800410001910000200006024501200008026000090020052020140020965000100222365000200223365000170225365000110227065300190228165300190230065300140231965300150233365300190234870000130236770000220238070000250240270000180242770000240244570000230246977300940249219235212026-01-23 2008 bl uuuu u00u1 u #d1 aMATOS, D. S. de aPopulação de protozoários ciliados no rúmen de ovinos criados na caatinga de Pernambuco.h[electronic resource] c2008 aResumo - Objetivou-se com este trabalho determinar o número e gênero de protozoários ciliados no rúmen de ovinos criados na caatinga antes da alimentação e quatro horas após. Foram coletados 10 mL de fluido ruminal, fixados em 10 mL de formalina a 10 %.Dentre os gêneros encontrados, houve predominância do gênero Entodinium (em torno de 90%). Da subclasse Holotricha, foi registrado somente o gênero Isotricha que representou em média 1,94% da população. A percentagem de protozoários só variou (P<0,05) para o gênero Eodinium, sendo maior em maio de 2005. Com relação ao horário de coleta, somente o pH, a concentração média do gênero Entodinium e o número total de protozoários apresentaram diferença significativa, sendo maior antes da alimentação. Os protozoários da subclasse Entodiniomorpha apresentam correlação positiva (P<0,05) com o nível de nutrientes digestíveis totais e a proteína bruta da dieta, o que reflete a necessidade, pelo microrganismo, de energia e proteína para a síntese (divisão celular) e armazenamento. [Rumen ciliate protozoa in sheep raising in the caatinga region of Pernambuco State, Brazil]. Abstract - Number and genera of rumen ciliate protozoa in caatinga reared sheep, before and four hours after feeding were evaluated. Samples of 10 mL of ruminal fluid were fixed in 10 mL of 10% formalin. Entodinium was the predominant genera found (90%). From Holotricha subclass, only Isotricha genus was observed w hich represented 1.94% of population. The percentage of protozoa only varied (P <0.05) for Eodinium genus which presented the highest range in May 2005. Related to the sample time, the pH, the mean number of Entodinium genus and total protozoa were higher before the animals were fed. Entodiniomorphid subclass presented positive correlation with level of total digestible nutrients and crude protein of the diet. This reflected the microorganism needs of energy and protein for synthesis (cellular division) and storage. aOvino aPastagem nativa aProtozoário aRúmen aEntodiomorphid aEntodiomorphos aHolotrich aHolotricha aNative pasture1 aGUIM, A.1 aBATISTA, A. M. V.1 aSANTOS, M. V. F. dos1 aCORREA, I. M.1 aSANTOS, G. R. de A.1 aLOPES, C. R. de A. tRevista Brasileira de Saúde e Produção Animalgv. 9, n. 2, p. 270-279, abr./jun. 2008.